Enseñanza individual y trabajo por equipos... /

Guardado en:
Autor Principal: Mory, F.
Formato: Libro
Publicado: Buenos Aires : Kapelusz, 1972
Materias:
Etiquetas: Agregar Etiqueta
Sin Etiquetas, Sea el primero en etiquetar este registro!
LEADER 00448nam a22001575a 4500
001 CEM.cems004543
005 20060216000000.0
008 130507s1972##################000#0#####d
003 CEMS
082 0 4 |a 371.36 
100 1 |a Mory, F. 
245 1 0 |a Enseñanza individual y trabajo por equipos... / 
260 |a Buenos Aires :  |b Kapelusz,  |c 1972 
300 |a 140 p. 
653 |a Formas de enseñanza 
859 |a CEMS  |b BIB. CEMS - 11 de abril  |h 371.36  |i M849  |p 4255.75  |t Ej.1